Econometrics by example (Record no. 43331)

MARC details
000 -LEADER
fixed length control field 00554nam a22002177a 4500
005 - DATE AND TIME OF LATEST TRANSACTION
control field 20250307150955.0
007 - PHYSICAL DESCRIPTION FIXED FIELD--GENERAL INFORMATION
fixed length control field Paperback 246 x 189 mm
008 - FIXED-LENGTH DATA ELEMENTS--GENERAL INFORMATION
fixed length control field 250307b |||||||| |||| 00| 0 eng d
020 ## - INTERNATIONAL STANDARD BOOK NUMBER
International Standard Book Number 9789354356117
041 ## - LANGUAGE CODE
Language code of text/sound track or separate title English
082 ## - DEWEY DECIMAL CLASSIFICATION NUMBER
Classification number 330.015195 GUJ
100 ## - MAIN ENTRY--PERSONAL NAME
Author Gujrati Damodar
110 ## - MAIN ENTRY--CORPORATE NAME
Corporate name or jurisdiction name as entry element Dr. Asif Khan
245 ## - TITLE STATEMENT
Title Econometrics by example
250 ## - EDITION STATEMENT
Edition statement 2nd edition
260 ## - PUBLICATION, DISTRIBUTION, ETC.
Place New York
Publisher Bloomsbury Publishing
Publication Year 2022
300 ## - PHYSICAL DESCRIPTION
Extent xxviii, 371 pages
365 ## - TRADE PRICE
Price type code Rs
Price amount 778
650 ## - SUBJECT ADDED ENTRY--TOPICAL TERM
Subject Econometrics.
942 ## - ADDED ENTRY ELEMENTS (KOHA)
Koha item type Books
Holdings
Withdrawn status Lost status Source of classification or shelving scheme Damaged status Not for loan Home library Current library Shelving location Accession Date Vendor Price Bill number Total Checkouts Full call number Barcode No Date due Date last seen Date last checked out Bill Date Koha item type
    Dewey Decimal Classification     IMTN IMTN Rack 7-A 03/07/2025 Amazon 778.00 NAG1-667440 1 330.015195 GUJ 33918 09/03/2025 03/07/2025 03/07/2025   Books
Designed & Maintained by: LRC IMT Nagpur Contact: lrc@imtnag.ac.in© 2024. All Rights Reserved.